MARC

LEADER 00000nam0a2200000 4500
001 19515
005 20231101205300.0
035 |a (RuTPU)RU\TPU\book\19680 
035 |a BOOK00004369 
090 |a 19515 
100 |a 20011209d1983 km y0rusy50 ca 
101 1 |a rus  |c lat 
102 |a RU 
105 |a y z 000zy 
200 1 |a Похвала глупости  |e пер. с лат.  |f Эразм Роттердамский, Дезидерий 
210 |a Москва  |c Художественная литература  |d 1983 
215 |a 238 с. 
610 1 |a философия 
610 1 |a история 
610 1 |a гуманизм 
610 1 |a нидерландская философия 
610 1 |a 15 век 
610 1 |a 16 век 
675 |a 87  |v 3 
700 0 |a Эразм Роттердамский, Дезидерий  |c нидерландский гуманист эпохи Возрождения  |c писатель  |c филолог  |f 1469-1536  |2 stltpui  |3 (RuTPU)RU\TPU\pers\333  |9 162 
801 0 |a RU  |b 63413507  |c 20011209  |g PSBO 
801 2 |a RU  |b 63413507  |c 20110707  |g PSBO 
942 |c BK